Entre maestros y maestras (Registro nro. 7250)

Detalles MARC
000 -CABECERA
Campo de control interno 01605nam a2200229Ia 4500
008 - ELEMENTOS DE LONGITUD FIJA - INFORMACIÓN GENERAL
Campo de control de longitud fija 260220t9999||||xx |||||||||||||| ||spa||
040 ## - FUENTE DE CATALOGACIÓN
Agencia de catalogación original PY-SlUNAC
Idioma de catalogación spa
Convenciones de descripción rda
041 ## - CÓDIGO DE IDIOMA
Código de idioma para texto/pista de sonido o título separado spa
082 ## - NÚMERO DE CLASIFICACIÓN DECIMAL DEWEY
Clasificación Decimal Dewey (CDD) 378.17
Clasificación Expansiva de Cutter (EC) Un3e
245 #0 - TÍTULO
Título Entre maestros y maestras
264 ## - PIE DE IMPRENTA
Lugar Entre Ríos :
Editorial UNER,
Año [Fecha de publicación no identificada].
300 ## - DESCRIPCIÓN FÍSICA
Páginas 1 volumen
520 ## - NOTA DE RESUMEN
Nota de resumen "Entre maestros y maestras" es una obra que explora la dinámica y los desafíos de la profesión docente en la provincia de Entre Ríos, Argentina. A través de una serie de estudios de caso, entrevistas y testimonios, el libro analiza las experiencias cotidianas de los educadores, resaltando la importancia de su papel en la formación integral de los estudiantes. Los autores abordan temas como la identidad profesional, las relaciones interpersonales en el aula, y las políticas educativas que impactan el ejercicio de la enseñanza. Además, se discuten las tensiones entre la teoría educativa y la práctica real, así como las estrategias que los docentes desarrollan para adaptarse a un contexto en constante cambio. La obra no solo brinda una mirada crítica sobre el sistema educativo, sino que también promueve una reflexión profunda sobre el valor de la educación en la sociedad contemporánea, destacando el compromiso y la vocación de quienes eligen esta noble profesión.
653 ## - MATERIA - TÉRMINO TEMÁTICO NO CONTROLADO (PALABRAS CLAVE)
Materia - término temático no controlado (palabras clave) Educación
653 ## - MATERIA - TÉRMINO TEMÁTICO NO CONTROLADO (PALABRAS CLAVE)
Materia - término temático no controlado (palabras clave) Género
653 ## - MATERIA - TÉRMINO TEMÁTICO NO CONTROLADO (PALABRAS CLAVE)
Materia - término temático no controlado (palabras clave) Maestros
942 ## - ELEMENTOS PERSONALIZADOS (KOHA)
Fecha catalogación 2026/02/17
Tipo de documento Libros
Existencias
Fuente de Clasificacion Colección Ubicacion permanente Biblioteca actual Fecha de Ingreso a la Biblioteca Origen de adquisición Código de ubicación Código de barras Tipo de Item KOHA Nota pública
Dewey Decimal Classification Colección General (CG) Biblioteca e Internet, Facultad de Ciencias Exactas y Naturales Biblioteca e Internet, Facultad de Ciencias Exactas y Naturales 02/20/2026 Donación 378.17 Un3e CG610 Libros Material disponible en la Biblioteca e Intenet, Campus UNA, San Lorenzo.